Venticinque anni di successi (Record n. 99738)
[ formato base ]
| 000 -LEADER | |
|---|---|
| fixed length control field | 03343njm a2200529Ia 4500 |
| 001 - CONTROL NUMBER | |
| control field | 24679 |
| 003 - CONTROL NUMBER IDENTIFIER | |
| control field | IT-RoPAU |
| 005 - DATE AND TIME OF LATEST TRANSACTION | |
| control field | 20220918181120.0 |
| 008 - FIXED-LENGTH DATA ELEMENTS--GENERAL INFORMATION | |
| fixed length control field | 131025s9999 xx 000 0 und d |
| 040 ## - CATALOGING SOURCE | |
| Original cataloging agency | IT-RoPAU |
| 040 ## - CATALOGING SOURCE | |
| Transcribing agency | IT-RoPAU |
| 041 ## - LANGUAGE CODE | |
| Language code of text/sound track or separate title | ITALIANO |
| 999 ## - SYSTEM CONTROL NUMBERS (KOHA) | |
| Koha Dewey Subclass [OBSOLETE] | NO |
| 100 ## - MAIN ENTRY--PERSONAL NAME | |
| Personal name | AA.VV. |
| 9 (RLIN) | 794 |
| 100 ## - MAIN ENTRY--PERSONAL NAME | |
| Relator term | Autore musica |
| 9 (RLIN) | 11555 |
| 100 ## - MAIN ENTRY--PERSONAL NAME | |
| Miscellaneous information | Codice autore musica SPICS: 12000 |
| 9 (RLIN) | 796 |
| 245 ## - TITLE STATEMENT | |
| Title | Venticinque anni di successi |
| 250 ## - EDITION STATEMENT | |
| Edition statement | 1a ed. |
| 260 ## - PUBLICATION, DISTRIBUTION, ETC. (IMPRINT) | |
| Place of publication, distribution, etc. | ITALIA |
| 260 ## - PUBLICATION, DISTRIBUTION, ETC. (IMPRINT) | |
| Name of publisher, distributor, etc. | VIS RADIO |
| 300 ## - PHYSICAL DESCRIPTION | |
| Extent | DISCO |
| 500 ## - GENERAL NOTE | |
| General note | ICanzone italiana. I migliori successi della canzone italiana interpretati da Luciano Tajoli |
| 505 ## - FORMATTED CONTENTS NOTE | |
| Formatted contents note | Scrivimi - Miniera - Perdonami - Spazzacamino - Violino tzigano - Mamma - Terra straniera - Ti voglio baciar - Al di là - Emigrante - Mai e poi mai - Balocchi e profumi - Arrotino - Campane di monte Nevoso - Voce di strada - Credimi |
| 650 ## - SUBJECT ADDED ENTRY--TOPICAL TERM | |
| Topical term or geographic name as entry element | CANZONE ITALIAN [DISCHI] |
| Relator term | Codice MATERIA SPICS: 9950 |
| 9 (RLIN) | 11556 |
| 700 ## - ADDED ENTRY--PERSONAL NAME | |
| Personal name | Tajoli Luciano |
| Miscellaneous information | Codice interprete SPICS: 1153 |
| Relator term | Interprete |
| 9 (RLIN) | 11557 |
| 700 ## - ADDED ENTRY--PERSONAL NAME | |
| Personal name | Raimondo Giovanni |
| Miscellaneous information | Codice autore musica SPICS: 13444 |
| Relator term | Autore musica |
| Name of part/section of a work | Scrivimi - Miniera |
| 9 (RLIN) | 11558 |
| 700 ## - ADDED ENTRY--PERSONAL NAME | |
| Personal name | Frati Enrico |
| Miscellaneous information | Codice autore testo/musica SPICS: 13443 |
| Relator term | Autore testo/musica |
| Name of part/section of a work | Scrivimi - Miniera |
| 9 (RLIN) | 11559 |
| 700 ## - ADDED ENTRY--PERSONAL NAME | |
| Personal name | Sarra |
| Miscellaneous information | Codice autore musica SPICS: 13447 |
| Relator term | Autore musica |
| Name of part/section of a work | Perdonami |
| 9 (RLIN) | 11560 |
| 700 ## - ADDED ENTRY--PERSONAL NAME | |
| Personal name | Morbelli Riccardo |
| Miscellaneous information | Codice autore testo/musica SPICS: 13446 |
| Relator term | Autore testo/musica |
| Name of part/section of a work | Perdonami |
| 9 (RLIN) | 11561 |
| 700 ## - ADDED ENTRY--PERSONAL NAME | |
| Personal name | Rusconi Gerardo |
| Miscellaneous information | Codice autore musica SPICS: 13276 |
| Relator term | Autore musica |
| Name of part/section of a work | Spazzacamino |
| 9 (RLIN) | 11562 |
| 700 ## - ADDED ENTRY--PERSONAL NAME | |
| Personal name | Cherubini Bixio |
| Miscellaneous information | Codice autore testo/musica SPICS: 13442 |
| Relator term | Autore testo/musica |
| Name of part/section of a work | Spazzacamino - Violino tzigano - Mamma - Campane di monte Nevoso - Voce di strada |
| 9 (RLIN) | 11563 |
| 700 ## - ADDED ENTRY--PERSONAL NAME | |
| Personal name | Bixio Cesare Andrea |
| Miscellaneous information | Codice autore musica SPICS: 13441 |
| Relator term | Autore musica |
| Name of part/section of a work | Violino tzigano - Mamma - Voce di strada |
| 9 (RLIN) | 11564 |
| 700 ## - ADDED ENTRY--PERSONAL NAME | |
| Personal name | Marletta |
| Miscellaneous information | Codice autore musica SPICS: 15757 |
| Relator term | Autore musica |
| 9 (RLIN) | 11565 |
| 700 ## - ADDED ENTRY--PERSONAL NAME | |
| Personal name | Leberati |
| Miscellaneous information | Codice autore testo/musica SPICS: 15758 |
| Relator term | Autore testo/musica |
| Name of part/section of a work | Terra straniera |
| 9 (RLIN) | 11566 |
| 700 ## - ADDED ENTRY--PERSONAL NAME | |
| Personal name | Mascheroni Vittorio |
| Miscellaneous information | Codice autore testo/musica SPICS: 13134 |
| Relator term | Autore testo/musica |
| Name of part/section of a work | Ti voglio baciar |
| 9 (RLIN) | 11567 |
| 700 ## - ADDED ENTRY--PERSONAL NAME | |
| Personal name | Donida Carlo |
| Miscellaneous information | Codice autore musica SPICS: 13649 |
| Relator term | Autore musica |
| Name of part/section of a work | Al di là |
| 9 (RLIN) | 11568 |
| 700 ## - ADDED ENTRY--PERSONAL NAME | |
| Personal name | Mogol (Rapetti Giulio) |
| Miscellaneous information | Codice autore testo/musica SPICS: 13643 |
| Relator term | Autore testo/musica |
| Name of part/section of a work | Al di là |
| 9 (RLIN) | 11569 |
| 700 ## - ADDED ENTRY--PERSONAL NAME | |
| Personal name | Maraviglia |
| Miscellaneous information | Codice autore musica SPICS: 15759 |
| Relator term | Autore musica |
| Name of part/section of a work | Emigrante |
| 9 (RLIN) | 11570 |
| 700 ## - ADDED ENTRY--PERSONAL NAME | |
| Personal name | Tajoli Luciano |
| Miscellaneous information | Codice autore testo/musica SPICS: 1153 |
| Relator term | Autore testo/musica |
| Name of part/section of a work | Emigrante |
| 9 (RLIN) | 11571 |
| 700 ## - ADDED ENTRY--PERSONAL NAME | |
| Personal name | Godini |
| Miscellaneous information | Codice autore musica SPICS: 15761 |
| Relator term | Autore musica |
| Name of part/section of a work | Mai e poi mai - Credimi |
| 9 (RLIN) | 11572 |
| 700 ## - ADDED ENTRY--PERSONAL NAME | |
| Personal name | Natili |
| Miscellaneous information | Codice autore testo/musica SPICS: 15760 |
| Relator term | Autore testo/musica |
| Name of part/section of a work | Mai e poi mai - Credimi |
| 9 (RLIN) | 11573 |
| 700 ## - ADDED ENTRY--PERSONAL NAME | |
| Personal name | Mario E.A. (Gaeta Giovanni) |
| Miscellaneous information | Codice autore testo/musica SPICS: 13440 |
| Relator term | Autore testo/musica |
| Name of part/section of a work | Balocchi e profumi |
| 9 (RLIN) | 11574 |
| 700 ## - ADDED ENTRY--PERSONAL NAME | |
| Personal name | Bracchi Alfredo |
| Miscellaneous information | Codice autore musica SPICS: 13448 |
| Relator term | Autore musica |
| Name of part/section of a work | Arrotino |
| 9 (RLIN) | 11575 |
| 700 ## - ADDED ENTRY--PERSONAL NAME | |
| Personal name | Martinelli Ferruccio |
| Miscellaneous information | Codice autore testo/musica SPICS: 15762 |
| Relator term | Autore testo/musica |
| Name of part/section of a work | Arrotino |
| 9 (RLIN) | 11576 |
| 700 ## - ADDED ENTRY--PERSONAL NAME | |
| Personal name | Concina Carlo |
| Miscellaneous information | Codice autore musica SPICS: 13632 |
| Relator term | Autore musica |
| Name of part/section of a work | Campane di monte Nevoso |
| 9 (RLIN) | 11577 |
| 942 ## - ADDED ENTRY ELEMENTS (KOHA) | |
| Koha item type | DISCHI |
| Source of classification or shelving scheme | Dewey Decimal Classification |
| Withdrawn status | Lost status | Damaged status | Not for loan | Home library | Current library | Date acquired | Total Checkouts | Full call number | Date last seen | Price effective from | Koha item type | Public note |
|---|---|---|---|---|---|---|---|---|---|---|---|---|
| Buone Condizioni | Not For Loan | SPICS-MEDIATECA | SPICS-MEDIATECA | 25/10/2013 | 24679 | 25/10/2013 | 25/10/2013 | DISCHI | Progr. Ins.: 5374 / N.Vol.: 1 / Copie: 1 - Copia rara: NO / date import: 01.01.2014 - By Epidotti, Trombetti, Vaglietti |